Every single The Smashing Pumpkins songs - Statistics

General Stats
  • This quiz has been taken 15 times
  • The average score is 56 of 424
Answer Stats
Hint Answer % Correct
The Aeroplane Flies High A/AB/E/B/F#
86%
Siamese Dream Mayonaise
86%
Mellon Collie 1979
79%
1979 Mixes 1979 - Instrumental
79%
Mellon Collie Deluxe 1979 - sandlands demo
79%
Mellon Collie Bullet with butterfly wings
79%
Mellon Collie Deluxe Bullet with butterfly wings - sadlands demo
79%
Siamese Dream Cherub Rock
79%
Mellon Collie Zero
79%
Siamese Dream Today
71%
Mellon Collie Tonight, tonight
71%
Mellon Collie Mellon Collie
64%
Mellon Collie Deluxe Tonight, tonight - no strings
64%
Siamese Dream Geek USA
57%
Siamese Dream Luna
57%
Adore Perfect
57%
Adore Super Deluxe Perfect - No strings
57%
Adore Ava Adore
50%
Siamese Dream Hummer
50%
Gish I am one
50%
Mellon Collie Jellybelly
50%
Mellon Collie Deluxe Jellybelly - instrumental
50%
Mellon Collie Deluxe Mellon collie - Home piano
50%
Mellon Collie Deluxe Mellon Collie - Nighttime Version
50%
Siamese Dream Quiet
50%
Siamese Dream Rocket
50%
Siamese Dream Deluxe Rocket - Demo
50%
Mellon Collie Porcelina of the vast oceans
43%
Siamese Dream Silverfuck
43%
Siamese Dream Soma
43%
Siamese Dream Deluxe Soma - Instrumental
43%
Siamese Dream Sweet Sweet
43%
Siamese Dream Deluxe Hello Kitty Kat
36%
Mellon Collie Here is no why
36%
Gish Rhinoceros
36%
Gish Siva
36%
Mellon Collie Tales of a Scorched earth
36%
Mellon Collie Deluxe Tales of a Scorched earth - Instrumental
36%
Adore | Adore Super Deluxe Tear
36%
Mellon Collie Thirty-three
36%
Mellon Collie Deluxe Thirty-three - sadlands demo
36%
Mellon Collie Thru the eyes of ruby
36%
Mellon Collie Deluxe Thru the eyes of ruby - take 7
36%
Mellon Collie An ode to no one
29%
Mellon Collie Beautiful
29%
Mellon Collie Deluxe Beautiful - Instrumental
29%
Mellon Collie Deluxe Beautiful - loop version
29%
Mellon Collie By starlight
29%
Mellon Collie Deluxe By starlight - flood rough
29%
Gish Crush
29%
Mellon Collie Cupid de locke
29%
Siamese Dream Disarm
29%
Siamese Dream Deluxe Disarm - Acoustic
29%
Mellon Collie Farewell and Goodnight
29%
Mellon Collie Galapogos
29%
Machina II Go
29%
Mellon Collie Muzzle
29%
Mellon Collie Deluxe Pennies
29%
Adore Pug
29%
Mellon Collie Deluxe Rotten Apples
29%
Siamese Dream Deluxe Siamese Dream
29%
Rarities and B-Sides The Boy
29%
Mellon Collie To forgive
29%
Mellon Collie Deluxe To forgive - sadlands demo
29%
Adore Annie-dog
21%
Adore Appels + Oranjes
21%
Mellon Collie Bodies
21%
Gish Bury me
21%
Cyr CYR
21%
Gish Daydream
21%
Zeitgeist Doomsday clock
21%
Mellon Collie Deluxe Eye
21%
Adore For Martha
21%
Rarities and B-Sides God
21%
Machina/Machines of God Heavy metal machine
21%
Mellon Collie | Mellon Collie Deluxe In the arms of sleep
21%
Machina/Machines of God I of the Mourning
21%
Pisces Iscariot Landslide
21%
Oceania Oceania
21%
Gish Deluxe Plume
21%
Siamese Dream Spaceboy
21%
Siamese Dream Deluxe Spaceboy - acoustic
21%
Machina/Machines of God Stand inside your Love
21%
Mellon Collie Stumbleine
21%
Zeitgeist Tarantula
21%
Mellon Collie Deluxe The Aeroplane flies high
21%
Machina/Machines of God The Everlasting Gaze
21%
Adore To sheila
21%
Adore Super Deluxe To Sheila - Banjo Version
21%
Gish Tristessa
21%
Machina/Machines of God Try, try, try
21%
Mellon Collie Deluxe | Rarities and B-Sides Ugly
21%
Zeitgeist United States
21%
Mellon Collie Where boys fear to tread
21%
Gish Window Paine
21%
Mellon Collie XYU
21%
Mellon Collie Deluxe XYU - take 11
21%
Adore 17
14%
Zeitgeist 7 Shades of black
14%
Machina/Machines of God Age of innocence
14%
Machina II Atom Bomb
14%
ATUM Pt1 ATUM
14%
Adore Behold! The Night Mare
14%
Mellon Collie Deluxe | Rarities and B-Sides Blank
14%
Zeitgeist Bleeding the Orchid
14%
Gish Deluxe Blue
14%
Machina/Machines of God Blue Skies Bring tears
14%
Zeitgeist Bring the light
14%
Adore Super Deluxe Cash Car Star
14%
Rarities and B-Sides Cherry
14%
Zeitgeist [Come on] lets go
14%
Adore Crestfallen
14%
Adore Daphne Descends
14%
Machina II Dross
14%
Gish Deluxe | Rotten Apples Drown
14%
Gish Deluxe Girl Named Sandoz
14%
Machina II Glass
14%
Machina/Machines of God Glass and the Ghost Children
14%
Machina II If there is a God
14%
Machina II In my body
14%
Machina II Innosense
14%
Mellon Collie Deluxe Jupiters Lament
14%
Gish Deluxe La dolly vita
14%
Adore Super Deluxe Let me give the world to you
14%
Mellon Collie Lily (my one and only)
14%
Mellon Collie Deluxe Lily - sadlands demo
14%
Mellon Collie Love
14%
Mellon Collie Deluxe Love - Flood Rough
14%
Rarities and B-Sides Lucky 13
14%
Mellon Collie Deluxe Meladori Magpie
14%
Monuments to an elegy Monuments
14%
Pisces Iscariot Obscured
14%
Adore Super Deluxe Once in a while
14%
Monuments to an elegy One and all
14%
Mellon Collie Deluxe Pastichio Medley
14%
Siamese Dream Deluxe Pissant
14%
Machina/Machines of God Raindrops + Sunshowers
14%
Machina II Real Love
14%
Rarities and B-Sides ...Said Sadly
14%
Adore Shame
14%
Adore Super Deluxe Shame - take 1
14%
Aghori Mhori Mei Sighommi
14%
Shiny and oh so Bright Silvery sometimes
14%
Rarities and B-Sides Slow Dawn
14%
Gish Deluxe Smiley
14%
Pisces Iscariot Soothe
14%
Pisces Iscariot Spaced
14%
Mellon Collie Deluxe Speed
14%
Rarities and B-Sides Speed Kills
14%
Gish Deluxe Starla
14%
Gish Suffer
14%
Mellon Collie Take me down
14%
Zeitgeist That's the way [my love is]
14%
Rarities and B-Sides The Bells
14%
Cyr The colour of love
14%
Machina/Machines of God The crying tree of mercury
14%
Machina/Machines of God The Sacred and Profane
14%
Machina/Machines of God This Time
14%
Mellon Collie Deluxe Transformer
14%
Rotten Apples Untitled
14%
Mellon Collie We only come out at night
14%
Machina II White Spyder
14%
Machina/Machines of God With every light
14%
Machina/Machines of God Wound
14%
Aghori Mhori Mei 999
7%
Cyr Adrennalyne
7%
Shiny and oh so Bright Alienation
7%
Monuments to an elegy Anaise!
7%
Rarities and B-Sides A night like this
7%
Monuments to an elegy Anti-hero
7%
Teargarden EP A Song for a Son
7%
Teargarden EP A stitch in time
7%
Teargarden EP Astral Planes
7%
ATUM Pt2 Avalanche
7%
ATUM Pt2 Beguilled
7%
Monuments to an elegy Being Beige
7%
Cyr Birch Grove
7%
Cyr Black forest, black hills
7%
Adore Blank Page
7%
Adore Super Deluxe Blank page
7%
Pisces Iscariot Deluxe Blissed
7%
Adore Super Deluxe Blissed and gone
7%
Rarities and B-Sides Bullet train to Osaka
7%
ATUM Pt1 Butterfly Suite
7%
ATUM Pt3 Cenotaph
7%
Adore Super Deluxe Christmastime
7%
Single Chrome Jets
7%
Rarities and B-Sides Clones
7%
Cyr Confessions of a dopamine addict
7%
Teargarden Vol2 EP Cottonwood Symphony
7%
Monuments to an elegy Dorian
7%
Cyr Dulcet in E
7%
ATUM Pt1 Embracer
7%
ATUM Pt2 Empires
7%
ATUM Pt2 Every morning
7%
ATUM Pt3 Fireflies
7%
Zeitgeist For God and country
7%
Siamese Dream Deluxe Frail And Bedazzled
7%
Teargarden Vol2 EP Freak USA
7%
Mellon Collie Deluxe Galapagos - instrumental
7%
Mellon Collie Deluxe Galapagos - Sadlands Demo
7%
Oceania Glissandra
7%
ATUM Pt3 Harmageddon
7%
Cyr Haunted
7%
Gish Deluxe Honeyspider
7%
Rarities and B-Sides Honeyspider II
7%
ATUM Pt1 Hooligan
7%
ATUM Pt1 Hooray!
7%
Oceania Inkless
7%
ATUM Pt3 Intergalactic
7%
The Aeroplane Flies High Jackboot
7%
Pisces Iscariot Deluxe Jackie Blue
7%
Shiny and oh so Bright Knights of Malta
7%
Mellon Collie Deluxe Knuckles
7%
Machina II Le Deux Machina
7%
Teargarden Vol3 EP Lightning strikes
7%
Shiny and oh so Bright Marchin' on
7%
Cyr Minerva
7%
ATUM Pt2 Moss
7%
Rarities and B-Sides Mouths of Babes
7%
Mellon Collie Deluxe | Rarities and B-Sides My Blue Heaven
7%
Oceania My love is winter
7%
ATUM Pt2 Neophyte
7%
Zeitgeist Neverlost
7%
ATUM Pt2 Night Waves
7%
ATUM Pt3 Of Wings
7%
Adore Once upon a time
7%
Oceania One Diamond, One Heart
7%
ATUM Pt3 Pacer
7%
Oceania Pale Horse
7%
Oceania Panopticon
7%
Oceania Pinwheels
7%
Zeitgeist Pomp and Circumstances
7%
Cyr Purple blood
7%
Oceania Quasar
7%
Cyr Ramona
7%
Monuments to an elegy Run2me
7%
Adore Super Deluxe Saturnine
7%
Cyr Save your tears
7%
Cyr Schaudenfreud
7%
Shiny and oh so Bright Seek and you shall destroy
7%
Pisces Iscariot Deluxe Slunk
7%
Gish Snail
7%
ATUM Pt3 Sojourner
7%
Shiny and oh so Bright Solara
7%
ATUM Pt2 Space Age
7%
Teargarden Vol2 EP Spangled
7%
Adore Super Deluxe Sparrow
7%
ATUM Pt3 Spellbinding
7%
ATUM Pt2 Springtimes
7%
Cyr Starrcraft
7%
Zeitgeist Starz
7%
ATUM Pt1 Steps in time
7%
Teargarden EP Teargarden theme
7%
Cyr Telegenix
7%
Adore Super Deluxe The Beginning is the end is the beginning
7%
ATUM Pt3 The canary Trainer
7%
Oceania The Celestials
7%
Oceania The Chimera
7%
ATUM Pt2 The Culling
7%
Teargarden Vol2 EP The Fellowship
7%
ATUM Pt1 The gold mask
7%
Machina/Machines of God The Imploding Voice
7%
Rarities and B-Sides The Last song
7%
Adore The Tale of Dusty and Pistol Pete
7%
Teargarden Vol2 EP Tom Tom
7%
Mellon Collie Deluxe Tonight Reprise
7%
Shiny and oh so Bright Travels
7%
Rarities and B-Sides Tribute to Johnny
7%
Cyr Tyger, tyger
7%
Siamese Dream Deluxe USSR
7%
Oceania Violet Rays
7%
Aghori Mhori Mei War dreams of itself
7%
ATUM Pt1 Where rain must fall
7%
Pisces Iscariot Deluxe Why am I so tired
7%
Teargarden EP Widow wake my mind
7%
Oceania Wildflower
7%
ATUM Pt1 With ado I do
7%
Shiny and oh so Bright With Sympathy
7%
Cyr Wrath
7%
Cyr Wyttch
7%
1979 Mixes 1979 - Cement mix
0%
1979 Mixes 1979 - Moby mix
0%
1979 Mixes 1979 - vocal mix
0%
Siamese Dream Deluxe Ache
0%
Cyr Anno Satana
0%
Siamese Dream Deluxe Apathy's Last Kiss
0%
Rarities and B-Sides Apathy's Last kiss
0%
Mellon Collie Deluxe Ascending Guitars
0%
Mellon Collie Deluxe Autumn Nocturne
0%
Mellon Collie Deluxe Bagpipes drone
0%
Adore Super Deluxe | Rarities and B-Sides Because you are
0%
Rarities and B-Sides Belive
0%
ATUM Pt1 Beyond the Vale
0%
Mellon Collie Deluxe Blast
0%
The Aeroplane Flies High Blaster Caster
0%
Pisces Iscariot Deluxe Bye June
0%
Mellon Collie Deluxe Cherry - BT 2012 Mix
0%
Adore Super Deluxe Chewing gum
0%
Mellon Collie Deluxe Chinoise
0%
Pisces Iscariot Deluxe Cinder Open
0%
Pisces Iscariot Deluxe Cinnamon Girl
0%
Pisces Iscariot Deluxe Crawl
0%
Adore Super Deluxe Crestfallen - Matt Walker Mix
0%
Adore Super Deluxe Cross
0%
Mellon Collie Deluxe Cupid de locke - BT 2012 mix
0%
Adore Super Deluxe Czarina
0%
Rarities and B-Sides Dancing in the Moonlight
0%
Adore Super Deluxe Daphne Descends - Matt walker Mix
0%
Rarities and B-Sides Daphne Desends - Katy B Mix
0%
Rarities and B-Sides Destination Unknown
0%
Mellon Collie Deluxe Dizzle
0%
Adore Super Deluxe Do you close your eyes?
0%
Rarities and B-Sides Dreaming
0%
Monuments to an elegy Drum + Fire
0%
Aghori Mhori Mei Edin
0%
Adore Super Deluxe Eye - 2014 Mix
0%
Mellon Collie Deluxe Feelium
0%
Pisces Iscariot Deluxe French Movie Theme
0%
Mellon Collie Deluxe Fun Time
0%
The Aeroplane Flies High Germans in leather pants
0%
Mellon Collie Deluxe Glamey glamey
0%
Pisces Iscariot Deluxe Glynis
0%
Aghori Mhori Mei Goeth The Fall
0%
Mellon Collie Deluxe Goodnight
0%
Adore Super Deluxe Heaven
0%
Gish Deluxe Hippy Trippy
0%
Machina II Home
0%
Rarities and B-Sides Hope
0%
The Aeroplane Flies High I just wanna make love to you
0%
Adore Super Deluxe Indecision
0%
Rarities and B-Sides Infinite Sadness
0%
ATUM Pt3 In Lieu of failure
0%
12 playlists of Xmas Introduction
0%
Mellon Collie Deluxe Isolation
0%
Adore Super Deluxe Its alright
0%
Adore Super Deluxe Jersey Shore
0%
Gish Deluxe Jesus is the sun
0%
Pisces Iscariot Deluxe Jesus Loves His Babies
0%
The Aeroplane Flies High Little Ditty
0%
Mellon Collie Deluxe Lover
0%
Siamese Dream Deluxe Luna - Apartment Demo
0%
Mellon Collie Deluxe Marquis is Spades
0%
Mellon Collie Deluxe Medellia of gray skies
0%
Mellon Collie Deluxe Methusela
0%
The Aeroplane Flies High Millieu
0%
Siamese Dream Deluxe Moleasskiss
0%
Adore Super Deluxe Money (Thats what I want)
0%
The Aeroplane Flies High Movers and Shakirs
0%
Aghori Mhori Mei Murnau
0%
Pisces Iscariot Deluxe My Dahlia
0%
Adore Super Deluxe | Rarities and B-Sides My Mistake
0%
Siamese Dream Deluxe Never let me down again
0%
Mellon Collie Deluxe New Waver
0%
The Aeroplane Flies High New waver
0%
Rarities and B-Sides Not worth asking
0%
Mellon Collie Deluxe One and Two
0%
The Aeroplane Flies High On the loose
0%
Adore Super Deluxe O Rio
0%
Teargarden Vol3 EP Ottowa
0%
Aghori Mhori Mei Pentagrams
0%
Aghori Mhori Mei Pentecost
0%
Perfect Perfect - Electro Breakbeat Mix
0%
Perfect Perfect - Nellee Hooper Instrumental
0%
Perfect Perfect - Nellee Hooper Mix
0%
Perfect Perfect - Perfecto Dub
0%
Perfect Perfect - Perfecto Mix
0%
Mellon Collie Deluxe Phang
0%
Adore Super Deluxe Pug - Matt Walker Mix
0%
Gish Deluxe Pulseczar
0%
Pisces Iscariot Deluxe Purr Snickety
0%
Siamese Dream Deluxe Quiet BBC/BC mix
0%
The Aeroplane Flies High Ravi Revi Roo
0%
The Aeroplane Flies High Rings
0%
Rarities and B-Sides Rock on
0%
Rarities and B-Sides Sad Peter Pan
0%
Adore Super Deluxe Saturnine - Matt walker Mix
0%
Gish Deluxe Seam
0%
Mellon Collie Deluxe Set the ray to jerry
0%
Aghori Mhori Mei Sicarus
0%
Rarities and B-Sides Sinfony
0%
The Aeroplane Flies High Slurry
0%
Rarities and B-Sides Soot and Stars
0%
The Aeroplane Flies High Special Winnners song
0%
Siamese Dream Deluxe STP
0%
Adore Super Deluxe Summer
0%
Rarities and B-Sides Terrapin
0%
Adore Super Deluxe | Rarities and B-Sides The Ethers Tragic
0%
ATUM Pt1 The Good I Goodbye
0%
The Aeroplane Flies High The Groover
0%
Adore Super Deluxe The Guns of Love Disastrous
0%
Cyr The Hidden Sun
0%
Pisces Iscariot Deluxe There it goes
0%
ATUM Pt3 The Which animates the spirit
0%
Mellon Collie Deluxe Thru the eyes of ruby - Pit Mix
0%
Monuments to an elegy Tiberious
0%
Mellon Collie Deluxe Tonight, tonight-strings alone mix
0%
ATUM Pt2 To they Grays
0%
Mellon Collie Deluxe Towers of Rabble
0%
Pisces Iscariot Deluxe Translucent
0%
Adore Super Deluxe Transmission
0%
Siamese Dream Deluxe USA
0%
Adore Super Deluxe Valentine
0%
Pisces Iscariot Deluxe Vanilla
0%
Pisces Iscariot Deluxe Venus in Frus
0%
The Aeroplane Flies High Verily I say
0%
Adore Super Deluxe Waiting
0%
Adore Super Deluxe What if?
0%
Pisces Iscariot Whir
0%
Aghori Mhori Mei Who goes there
0%
Rarities and B-Sides Winterlong
0%
Mellon Collie Deluxe Wishing you were real
0%
Mellon Collie Deluxe Zero - synth mix
0%
Mellon Collie Deluxe Zoom
0%
No matching quizzes found
Score Distribution
Percent of People with Each Score
Percentile by Number Answered
Your Score History
You have not taken this quiz